[Event "Eurasia Open Cup 2018"]
[Site "Jekaterienburg"]
[Date "2018.08.06"]
[Round "5"]
[White "Faizrakhmanov, Ramil"]
[Black "Zorin, Alexander"]
[Result "1-0"]
[WhiteElo "2407"]
[BlackElo "2183"]
[Annotator "TA"]
[PlyCount "97"]
[EventDate "2018.08.01"]
[EventType "swiss"]
[EventCountry "RUS"]
[SourceTitle "playchess.com"]
[Source "ChessBase"]
[SourceQuality "1"]

{[%evp 15,97,36,20,0,45,-18,-8,-19,86,94,89,94,91,-8,-12,-13,-3,-17,-3,-25,-15,-28,34,43,24,17,26,6,4,4,15,13,12,12,20,13,12,7,7,0,0,0,7,4,27,0,67,55,70,53,53,59,63,65,71,58,56,66,67,60,74,8,144,142,186,194,337,337,337,337,330,330,318,279,274,268,29970,29971,29972,29973,29972,29973,29972,29971]} 1. d4 d5 2. c4 e6 3. Nc3 Be7 4. Nf3 Nf6 5. Bf4 a6 6. e3 dxc4 7. Bxc4 b5 {D37: Queen's Gambit Declined: 5 Bf4} 8. Bd3 (8. Be2 Bb7 9. Ne5 O-O 10. Bf3 Qc8 11. O-O Rd8 12. Qe2 Bd6 13. Rac1 Ra7 14. Bg5 Bxf3 15. Qxf3 Qb7 16. Ne4 Bxe5 17. dxe5 Nxe4 18. Bxd8 c5 19. Rfd1 Qc6 20. Bb6 Rd7 21. Bxc5 {1-0 (21) Kamsky,G (2670)-Tsydypov,Z (2438) Kazan 2016}) 8... Bb7 {LiveBook: 9 Games} 9. Qe2 O-O {The position is equal.} 10. e4 $146 (10. O-O $14) ({Predecessor:} 10. Rd1 Nbd7 11. O-O Nh5 12. Be5 g6 13. Be4 Bxe4 14. Nxe4 f6 15. Bg3 Nxg3 16. hxg3 {1-0 (75) Timoscenko,G (2540)-Kotan,L (2315) Slovakia 1994}) 10... c5 $11 11. dxc5 e5 (11... Nbd7 $11 {keeps the balance.}) 12. Nxe5 $16 Bxc5 13. O-O Re8 14. Bg3 ({White should try} 14. Rfd1 $16 {Threatens to win with Bxb5.} Qe7 15. Qf3) 14... Bd4 $1 $36 {[%cal Rd4e5][%mdl 2048] Black is pushing.} 15. Nf3 Bxc3 $1 16. bxc3 Bxe4 17. Rfd1 {[#] Hoping for Bxe4.} (17. Bxe4 {is interesting.} Nxe4 18. Be5 f5 19. Qb2 Nc6 20. Qb3+) 17... Bxd3 18. Rxd3 Rxe2 (18... Nbd7 $11 19. Qc2 Qa5) 19. Rxd8+ $14 Re8 20. Rxe8+ Nxe8 21. a4 (21. Ne5 $5 {[%cal Ra1d1]}) 21... bxa4 22. Rxa4 Nc6 23. Kf1 f6 24. Ke2 Kf7 25. Nd2 f5 26. Nc4 Nf6 27. f3 Nd5 28. Kd2 Ke6 29. Ra1 g5 30. Kc2 Nf4 (30... a5 $11) 31. Re1+ Kf6 32. Bxf4 gxf4 {[%mdl 4096] Endgame KRN-KRN} 33. Nb6 Rd8 34. c4 {[%cal Bc3c4,Bc4c5][%mdl 32]} Nb4+ $1 35. Kc3 a5 $1 36. c5 Rd3+ 37. Kc4 Rd2 38. Ra1 ({White should play} 38. Rg1 $16) 38... Rc2+ (38... Nc6 $11) 39. Kb5 $16 Nd3 40. Nc4 Nxc5 (40... Ne5 {keeps fighting.}) 41. Kxc5 $18 Rxg2 42. Rxa5 Rxh2 {KRN-KR} 43. Ra6+ Kg5 44. Ne5 Rd2 45. Rd6 Rxd6 $2 (45... Ra2 $18 46. Nf7+ Kh4 47. Rh6+ Kg3) 46. Kxd6 {White mates.} h5 47. Ke6 h4 {[#]} 48. Nd3 $1 h3 49. Ke5 {Precision: White = 58%, Black = 47%.} 1-0

[Event "Eurasia Open Cup 2018"]
[Site "Jekaterienburg"]
[Date "2018.08.06"]
[Round "5"]
[White "Nesterov, Arseniy"]
[Black "Shaposhnikov, Evgeny"]
[Result "0-1"]
[WhiteElo "2355"]
[BlackElo "2588"]
[Annotator "TA"]
[PlyCount "68"]
[EventDate "2018.08.01"]
[EventType "swiss"]
[EventCountry "RUS"]
[SourceTitle "playchess.com"]
[Source "ChessBase"]
[SourceQuality "1"]

{[%evp 23,68,0,0,0,0,0,0,-3,0,0,43,20,31,10,52,48,66,0,0,-17,-16,-27,-20,-313,-301,-402,-398,-761,-769,-756,-752,-662,-718,-662,-130,-545,-72,-75,-100,-29991,-29992,-29994,-29995,-29995,-29996,-29997,-29998]} 1. d4 Nf6 2. c4 e6 3. Nf3 b6 4. g3 Bb4+ 5. Bd2 c5 6. Bg2 Bb7 7. Bxb4 cxb4 8. a3 bxa3 9. Rxa3 O-O 10. O-O a5 11. Nc3 Na6 12. d5 Rc8 {LiveBook: 3 Games. E16: Queen's Indian: 4 g3 Bb7 5 Bg2 Bb4+} 13. Nd2 $146 {[%cal Bf3d2,Bd2b3,Bb3d4][%mdl 32]} ({Predecessor:} 13. Ne5 exd5 14. Nxd5 Nxd5 15. Bxd5 Bxd5 16. Qxd5 Rc5 17. Qd6 Qb8 18. Qxb8 Nxb8 19. Nf3 Rxc4 20. Rb3 {½-½ (67) Xu,Y (2527)-Bu,X (2698) Shenzhen 2016}) 13... exd5 14. cxd5 Nb4 {[%cal Rf6d5] The position is equal.} 15. Nb3 Re8 16. Nd4 Ba6 ({Much worse is} 16... Nfxd5 17. Ncb5 $16) 17. Qd2 g6 18. Rd1 Qe7 19. e4 Ng4 {[%cal Bf6g4,Bg4f2,Bf2e4][%mdl 32]} 20. f4 (20. Na2 $14 Rc4 21. f3) 20... Nd3 $1 $11 21. h3 Ngf2 {And now ...Rc4 would win.} 22. Rf1 {[#]} Rxc3 $1 {[%mdl 512]} 23. Qxc3 $4 {[%mdl 8192]} (23. Rxc3 $11 {and White stays safe.} Nxe4 24. Bxe4 Qxe4 25. Nc2) 23... Nxe4 $19 24. Qc7 Nd2 25. Rd1 $2 (25. Ne6 Nxb2 26. Rfa1) 25... Qe3+ 26. Kh2 Qxd4 27. Rxd2 Re1 {[%csl Ge1][%cal Rd4g1]} 28. h4 Qg1+ 29. Kh3 {[#]} Nf2+ $2 (29... h5 $1 $19 {( -> ...Nf2+)} 30. Qd8+ (30. Rdxd3 {is a self mate.} Re2 31. Qb8+ Kh7 32. Qg8+ Kxg8 33. g4 Qxg2#) (30. Raxd3 Bxd3 31. Qxd7 Bf1 32. Bxf1 Qxf1+ 33. Rg2 Re2 34. Qe8+ Rxe8 35. Kh2 Re1 36. g4 hxg4 37. d6 Qf3 38. Rg3 Qh1#) (30. Qxd7 Re3 31. Raxd3 Bxd3 32. Qd8+ Kg7 33. Qg5 f6 34. Rd1 Qxd1 35. f5 fxg5 36. f6+ Kf7 37. Kh2 Qg4 38. Kh1 Qxg3 39. hxg5 Re1+ 40. Bf1 Rxf1#) 30... Kg7) 30. Rxf2 $17 Qxf2 31. Qd8+ $2 {[%mdl 8192]} (31. Rf3 $17 Qxb2 32. f5) 31... Kg7 {Black mates.} 32. h5 {[#]} Rh1+ $1 {[%mdl 512]} 33. Bxh1 Bf1+ 34. Kg4 f5+ {Precision: White = 45%, Black = 62%.} 0-1

[Event "Eurasia Open Cup 2018"]
[Site "Jekaterienburg"]
[Date "2018.08.06"]
[Round "5"]
[White "Shapiro, David"]
[Black "Chigaev, Maksim"]
[Result "0-1"]
[WhiteElo "2326"]
[BlackElo "2577"]
[Annotator "TA"]
[PlyCount "120"]
[EventDate "2018.08.01"]
[EventType "swiss"]
[EventCountry "RUS"]
[SourceTitle "playchess.com"]
[Source "ChessBase"]
[SourceQuality "1"]

{[%evp 25,120,-25,-20,-43,-27,-71,-69,-114,-131,-101,-113,-142,-145,-152,-158,-155,-147,-182,-182,-182,-182,-182,-182,-184,-181,-197,-188,-201,-202,-243,-233,-250,-245,-283,-278,-277,-264,-279,-264,-254,-247,-233,-139,-136,-127,-133,-133,-291,-264,-255,-268,-277,-295,-298,-285,-304,-291,-485,-160,-469,-475,-485,-488,-485,-476,-462,-357,-358,-361,-360,-353,-323,-247,-224,-138,-64,-72,-64,-31,-146,-39,-31,-33,-194,-189,-171,-129,-432,-419,-829,-824,-791,-760,-1025,-1008,-961,-937]} 1. d4 Nf6 2. Nf3 g6 3. c4 Bg7 4. g3 O-O 5. Bg2 c5 6. Nc3 d6 7. O-O Nc6 8. dxc5 dxc5 9. Be3 Qa5 10. Qa4 Qxa4 11. Nxa4 b6 12. Rad1 Bf5 {E65: Königsindisch (Jugoslawische Variante)} 13. Nc3 Rac8 {LiveBook: 3 Partien} 14. h3 (14. Bf4 Ne4 15. Nxe4 Bxe4 16. Rd2 Rcd8 17. b3 Nb4 18. Rfd1 Rxd2 19. Rxd2 Nc6 20. Rd7 {1-0 (47) Mosadeghpour,M (2481)-Karthikeyan,M (2518) Delhi 2016}) 14... Ne8 $146 {[%cal Bf6e8,Be8d6,Bd6c4][%mdl 32] Schwarz steht etwas besser.} ({Vorgänger:} 14... Ne4 15. Nd5 Bxb2 16. Nh4 Nd6 17. Nxe7+ Nxe7 18. Rxd6 Be6 19. Bg5 Rfe8 20. Rd2 {0-1 (39) Repka,C (2391)-Krak,T (2301) Slovakia 2013}) 15. Ng5 Nd6 16. g4 Bxc3 $1 17. bxc3 Bc2 18. Rc1 Ba4 19. Bf4 Nxc4 20. Bd5 N6a5 21. Nf3 Rfd8 22. Be4 f6 23. h4 Bc6 24. Bxc6 Nxc6 25. Rcd1 Kf7 26. Bc1 h5 27. gxh5 gxh5 28. Kh2 e5 29. e4 Ne7 30. Ng1 Ng6 31. Kh3 Rd6 32. Rxd6 Nxd6 33. f3 Nb5 ({Günstiger ist} 33... Rd8 $19 34. Rd1 Nxh4 $1 {[%mdl 512]}) 34. Ne2 $17 Rd8 {Und weiter mit ...Td3 wäre nett.} 35. a4 Nc7 {Droht stark ...Se6.} 36. Kg3 $2 (36. Ng3 $17) 36... Ne6 $19 37. Bh6 Rg8 {Weiss muss nun ...Sgf4+ beachten.} 38. Kf2 Nxh4 39. Ng3 Nf4 40. Bxf4 exf4 41. Nxh5 $2 {[%mdl 4096] Endspiel KTS-KTS} (41. Ne2 {war die einzige Chance.} Rg2+ 42. Ke1) 41... Rg2+ 42. Ke1 {[#]} Ng6 $1 43. Rf2 Rg1+ 44. Rf1 Rg5 45. Rh1 c4 46. Kd2 Ra5 47. Kc2 Rxa4 48. Rd1 Ra2+ 49. Kb1 Ra5 50. Rd7+ Ke6 51. Rh7 Ne5 52. Nxf4+ Kd6 53. Rh3 Ra3 54. Kb2 $2 {[#]} (54. Nd5 $15) 54... Rb3+ $1 55. Kc2 a5 {[%cal Ba7a5,Ba5a4,Ba4a3][%mdl 32]} 56. Nd5 $2 {[%mdl 8192]} (56. Rh6 $17 {leistet mehr Widerstand.}) 56... a4 57. Rh6 (57. Nb4 $142 a3 58. f4) 57... a3 {Schwarz steht klar auf Gewinn.} 58. Rxf6+ Kc5 {( -> ...Tb2+)} 59. Nb4 Rb2+ 60. Kd1 Nd3 {Precision: Weiß = 54%, Schwarz = 91%.} 0-1

[Event "Eurasia Open Cup 2018"]
[Site "Jekaterienburg"]
[Date "2018.08.06"]
[Round "5"]
[White "Inozemtsev, Sergei"]
[Black "Khanin, Semen"]
[Result "0-1"]
[WhiteElo "2312"]
[BlackElo "2494"]
[Annotator "TA"]
[PlyCount "96"]
[EventDate "2018.08.01"]
[EventType "swiss"]
[EventCountry "RUS"]
[SourceTitle "playchess.com"]
[Source "ChessBase"]
[SourceQuality "1"]

{[%evp 12,96,3,2,21,12,8,-26,-26,-21,-16,-27,-27,-35,-38,-37,-13,-27,-6,-94,-94,-99,-93,-114,-69,-82,-64,-75,-80,-101,-88,-82,-86,-83,-84,-89,-91,-238,-230,-260,-252,-280,-282,-357,-340,-322,-360,-358,-266,-338,-245,-245,-229,-276,-268,-280,-263,-287,-277,-310,-303,-314,-322,-395,-401,-475,-483,-481,-474,-467,-458,-478,-453,-735,-727,-866,-860,-1147,-1152,-1136,-1112,-1048,-876,-1251,-1190,-1178,-1153]} 1. e4 c5 2. Nf3 Nc6 3. Bb5 g6 4. O-O Bg7 5. Re1 Nf6 6. c3 O-O 7. d3 {LiveBook: 47 Partien} Ne8 {B31: Sizilianisch (Rossolimo-Variante)} 8. Nbd2 Nc7 9. Ba4 b5 {Schwarz hat minimalen Vorteil.} 10. Bb3 d6 $146 ({Vorgänger:} 10... b4 11. c4 d6 12. Ba4 Ne5 13. Qe2 Bg4 14. h3 Nxf3+ 15. Nxf3 Bxf3 16. Qxf3 {1-0 (63) Antoshik,A (2241)-Shtyrenkov,V (2511) Karvina 2000}) 11. a3 a5 {[%cal Ba7a5,Ba5a4][%mdl 32]} 12. Nf1 a4 $36 {[%mdl 2048] Schwarz hat Druck.} 13. Bc2 h6 14. Ne3 e5 15. Nd5 (15. b3 $11 {hält das Gleichgewicht.}) 15... Nxd5 $17 16. exd5 Ne7 {[%cal Bc6e7,Be7f5,Bf5e3][%mdl 32]} 17. c4 bxc4 18. dxc4 Bd7 19. Nd2 Nf5 20. Ne4 Qh4 21. Rb1 Ra6 22. Be3 Nxe3 23. fxe3 f5 24. Nd2 (24. g3 $17 Qd8 25. Nc3) 24... e4 $19 25. Qe2 Rb8 26. b3 axb3 27. Rxb3 Rxb3 28. Bxb3 Rxa3 29. Rb1 Be5 30. Nf1 Bc3 31. Ng3 Qg5 32. Nf1 Qf6 33. Bd1 Bb4 34. Qc2 Kf7 35. Qe2 Ke7 36. Bb3 Qc3 37. Qd1 Bc8 38. Qc2 Qxc2 {Schwarz steht klar auf Gewinn.} 39. Bxc2 Rc3 40. Ba4 Rxc4 41. Bc6 Rc3 42. h3 (42. Ra1 $142 Ra3 43. Rxa3 Bxa3 44. g4) 42... Ba6 43. Kf2 Kf6 44. g4 Rc2+ 45. Kg1 Ra2 46. gxf5 gxf5 47. Bd7 Bd3 48. Rc1 c4 {Precision: Weiß = 23%, Schwarz = 75%.} 0-1

[Event "Eurasia Open Cup 2018"]
[Site "Jekaterienburg"]
[Date "2018.08.06"]
[Round "5"]
[White "Gusarov, Aleksey"]
[Black "Gutenev, Alexander"]
[Result "1-0"]
[WhiteElo "2238"]
[BlackElo "2470"]
[Annotator "TA"]
[PlyCount "69"]
[EventDate "2018.08.01"]
[EventType "swiss"]
[EventCountry "RUS"]
[SourceTitle "playchess.com"]
[Source "ChessBase"]
[SourceQuality "1"]

{[%evp 21,69,45,50,33,49,31,39,33,30,41,35,41,38,26,76,18,36,0,0,0,61,31,40,29,19,29,79,75,72,0,-14,0,115,116,270,274,302,217,233,34,338,314,448,445,431,441,535,522,795,785]} 1. e4 e6 2. d4 d5 3. Nc3 dxe4 4. Nxe4 Bd7 5. Nf3 Bc6 6. Bd3 Bxe4 7. Bxe4 c6 8. c3 Nf6 9. Bc2 Nbd7 10. Qe2 {C10: French with 3 Nc3: Unusual Black 3rd moves and 3...dxe4} Qc7 (10... Bd6 11. Bg5 Qc7 12. g3 O-O 13. O-O h6 14. Bd2 c5 15. Rad1 Rfe8 16. Rfe1 a6 17. dxc5 Bxc5 18. Bf4 e5 19. Bc1 {½-½ (61) Ponomariov,R (2694)-Miton,K (2584) Riadh 2017}) 11. O-O Bd6 {LiveBook: 14 Games} 12. Bg5 {White is slightly better.} h6 13. Bh4 O-O-O 14. a4 $146 ({Predecessor:} 14. Bg3 Bxg3 15. hxg3 Rhe8 16. Rfe1 Re7 17. Rad1 Rde8 {½-½ (31) Murariu,A (2395)-Diulger,A (2326) Bucharest 2002}) 14... g5 15. Bg3 Nd5 16. Bxd6 Qxd6 17. g3 Rdg8 18. Nd2 (18. a5 $16) 18... h5 $11 19. Be4 f5 20. Bg2 Rh6 ({Better is} 20... h4 $1 $11) 21. a5 a6 22. c4 Nc7 23. Rfd1 g4 24. Qe3 $36 {[%mdl 2048] White is really pushing.} Rgh8 25. d5 (25. c5 $1 $16 {[%cal Rc5d6]} Qf8 26. Nc4) 25... exd5 26. cxd5 cxd5 {[#]} (26... Nxd5 $11 {remains equal.} 27. Qa7 h4) 27. Nc4 $1 $16 {[%cal Bd2c4,Bc4d6,Bd6f7][%mdl 544]} Qb4 $2 (27... Qe6 $16 {was worth a try.}) (27... dxc4 28. Rxd6) 28. Bxd5 $18 h4 {next ...hxg3 is good for Black.} 29. Qf4 Kb8 {With the idea ...hxg3.} 30. Bg8 $2 ({Weaker is} 30. Qxf5 hxg3 31. Rac1 (31. hxg3 $2 Nxd5 32. Qxd5 Qxc4 $19) 31... Rxh2 $17) ({White should play} 30. Bg2 $1 $18 Nc5 31. Rac1) 30... Qb5 $2 {[%mdl 8192] [#]} (30... hxg3 $1 $14 31. Rxd7 Qc5) 31. Nd6 $1 {[%cal Rd6b5]} Qe5 {[#]} (31... Rxd6 {was necessary.} 32. Qxd6 hxg3) 32. Nf7 $1 {[%cal Rf7e5] White is clearly winning.} Qxf4 33. gxf4 Rxg8 34. Nxh6 Rg6 35. Nxf5 {Precision: White = 46%, Black = 42%.} 1-0

[Event "Eurasia Open Cup 2018"]
[Site "Jekaterienburg"]
[Date "2018.08.06"]
[Round "5"]
[White "Maletina, Tatiana"]
[Black "Mokshanov, Alexey"]
[Result "0-1"]
[WhiteElo "2231"]
[BlackElo "2439"]
[Annotator "TA"]
[PlyCount "82"]
[EventDate "2018.08.01"]
[EventType "swiss"]
[EventCountry "RUS"]
[SourceTitle "playchess.com"]
[Source "ChessBase"]
[SourceQuality "1"]

{[%evp 23,82,0,0,-20,-20,-8,-6,-53,-53,-57,-55,-53,-37,-63,-62,-52,-50,-91,-71,-68,-57,-135,-139,-188,-165,-201,-172,-171,-179,-219,-231,-208,-214,-1009,-1026,-995,-993,-984,-941,-2082,-2025,-1743,-1624,-5010,-5010,-4810,-4802,-2101,-1303,-1584,-4918,-4918,-4910,-29990,-29990,-29990,-29991,-29991,-29992,-29992,-29993]} 1. d4 d5 2. c4 e6 3. Nf3 Nf6 4. g3 dxc4 5. Bg2 a6 6. O-O Nc6 7. e3 Rb8 8. Nfd2 e5 {E04: Open Catalan: 5 Nf3} 9. Bxc6+ bxc6 10. dxe5 Ng4 11. Nxc4 Be6 12. Qxd8+ Rxd8 {LiveBook: 7 Games} 13. Nba3 $146 ({Predecessor:} 13. Nbd2 Bb4 14. b3 h5 15. f3 Bxd2 16. Nxd2 Nxe3 {0-1 (59) Ding,L (2777)-Mamedyarov,S (2799) Huaian 2017}) 13... Bxa3 14. Nxa3 Nxe5 {White must now prevent ...Bh3.} 15. f4 Nd3 16. f5 Bd5 17. Bd2 f6 18. Bc3 Kf7 19. Nc2 Rhe8 20. a3 c5 21. Ne1 c4 $40 {[%mdl 128] Black is up to no good.} 22. Nc2 ({White should try} 22. Nxd3 $15 cxd3 23. Rac1) 22... c5 $17 23. Rad1 Bc6 24. Ra1 Ba4 25. Ne1 Rxe3 26. Ng2 Re2 27. Nf4 Rc2 {Threatens to win with ...Re8.} 28. Rad1 $2 {[#]} (28. Rfd1) 28... Nxf4 $1 $19 {[%mdl 512]} 29. gxf4 (29. Rxf4 Rxd1+) 29... Rxd1 30. Rxd1 {[#]} Rxc3 $1 {[%mdl 4608] Endgame KRB-KR} 31. Rd6 (31. bxc3 Bxd1) 31... Rc1+ 32. Kf2 Rc2+ 33. Ke3 Rxb2 34. Rxa6 Bd1 35. Ra7+ Ke8 {( -> ...Re2+)} 36. Ke4 Re2+ 37. Kd5 c3 {[%cal Bc4c3,Bc3c2][%mdl 32]} 38. Kd6 c2 {Black mates.} 39. Ra8+ Kf7 40. Ra7+ Kf8 41. Ra8+ Re8 {Precision: White = 30%, Black = 94%.} 0-1

[Event "Eurasia Open Cup 2018"]
[Site "Jekaterienburg"]
[Date "2018.08.06"]
[Round "5"]
[White "Lysenko, Margarita"]
[Black "Yeletsky, Ivan"]
[Result "1-0"]
[WhiteElo "2215"]
[BlackElo "2412"]
[Annotator "TA"]
[PlyCount "88"]
[EventDate "2018.08.01"]
[EventType "swiss"]
[EventCountry "RUS"]
[SourceTitle "playchess.com"]
[Source "ChessBase"]
[SourceQuality "1"]

{[%evp 18,88,-16,-17,-12,-18,12,6,8,-19,-12,-16,-13,-18,-5,-29,-23,-21,-11,-15,-16,-8,-18,-16,-9,-4,12,8,35,6,38,38,44,34,42,50,129,131,305,314,361,195,208,207,190,197,192,173,157,158,204,195,493,493,1091,1091,1091,1083,1068,1068,950,950,1083,944,1083,1083,1083,1076,1069,879,1536,1409,1204]} 1. d4 Nf6 2. c4 e6 3. Nf3 d5 4. cxd5 exd5 5. Bg5 c6 6. Nc3 Be7 7. Qc2 g6 8. e3 Bf5 9. Qb3 {D36: Queen's Gambit Declined: Exchange Variation: Main line (5 Bg5 c6 6 Qc2)} (9. Bd3 Bxd3 10. Qxd3 Nbd7 11. Bh6 Ng4 12. Bf4 O-O 13. O-O Re8 14. Rab1 a5 15. Qc2 Nb6 16. h3 Nf6 17. Ne5 Nfd7 18. Nd3 Nc4 19. Rbc1 {½-½ (71) Nguyen,N (2629)-Adhiban,B (2677) Tbilisi 2017}) 9... Qb6 10. Nd2 {LiveBook: 3 Games} Nbd7 11. Be2 {The position is equal.} a5 $146 ({Predecessor:} 11... h5 12. Rc1 O-O 13. Bf4 Rfe8 14. h3 Nf8 15. O-O Ne6 16. Be5 Ng5 {½-½ (70) Beim,V (2555)-Siegel,G (2443) Bad Wiessee 2002}) 12. Qxb6 Nxb6 13. a4 h6 14. Bf4 g5 15. Bg3 Bb4 16. O-O Ke7 17. Rfc1 Nfd7 18. f3 Rhc8 19. e4 Bg6 20. Bf1 f5 21. exd5 cxd5 22. Nb3 f4 23. Bf2 Kf8 24. Bb5 Bf5 25. g3 fxg3 26. hxg3 {[%cal Bh2g3,Bg3g4][%mdl 32]} Ke8 (26... g4 $14) 27. g4 $16 Bg6 $2 {[#]} (27... Be6 $16 {was called for.}) 28. Nc5 $1 $18 Kd8 29. Bxd7 ({Less strong is} 29. Nxb7+ Ke7 $18) (29. Re1 $142) 29... Nxd7 30. Nxd5 ({Don't take} 30. Nxb7+ $6 Kc7) 30... Nxc5 31. dxc5 {Threatens to win with Nb6.} Rc6 32. Nxb4 axb4 33. Rc4 b6 34. Rd4+ Kc7 $2 {[#]} (34... Ke7 {might work better.} 35. cxb6 (35. Rxb4 bxc5 36. Rb7+ Kf8 $18) 35... Rxb6) 35. cxb6+ {White is clearly winning.} Rxb6 (35... Kxb6 $142 36. Rxb4+ Kc7 37. Bg3+ Kd8) 36. Rc1+ Rc6 37. Bg3+ Kb7 38. Rxc6 Kxc6 {[%mdl 4096] Endgame KRB-KRB} 39. Rd6+ Kc5 40. Rxg6 Rxa4 41. Rxh6 Kd4 42. Kf2 Kd3 43. Rd6+ Kc2 44. Be5 Ra8 {Precision: White = 62%, Black = 20%.} 1-0

[Event "Eurasia Open Cup 2018"]
[Site "Jekaterienburg"]
[Date "2018.08.06"]
[Round "5"]
[White "Fokin, Sergey"]
[Black "Pridorozhni, Aleksei"]
[Result "0-1"]
[WhiteElo "2186"]
[BlackElo "2564"]
[Annotator "TA"]
[PlyCount "66"]
[EventDate "2018.08.01"]
[EventType "swiss"]
[EventCountry "RUS"]
[SourceTitle "playchess.com"]
[Source "ChessBase"]
[SourceQuality "1"]

{[%evp 9,66,35,34,0,22,7,14,-12,-8,-72,-72,-127,-59,-81,-78,-161,-152,-280,-270,-405,-131,-136,-132,-121,-56,-65,-61,-68,-52,-60,-63,-105,-83,-172,-83,-76,-83,-76,-85,-110,-62,-75,-71,-131,-129,-127,-145,-245,-201,-424,-212,-517,-517,-897,-893,-1291,-1288,-1559,-1465]} 1. d4 d6 2. Nf3 Bg4 3. c4 c6 4. Qb3 (4. Nc3 Nd7 5. e3 e5 6. Be2 Ngf6 7. h3 Bh5 8. b4 Be7 9. b5 Qc7 10. O-O O-O 11. Ba3 Rfe8 12. Rb1 Bg6 13. Rb3 Bf8 14. Nh4 exd4 15. exd4 c5 16. Nxg6 hxg6 {1-0 (70) Meskovs,N (2538)-Plat,V (2567) Katowice 2017}) 4... Qb6 5. Qxb6 axb6 6. Bd2 {A41: Moderne Verteidigung gegen 1.d4 (mit oder ohne späterem e2-e4 und Sf6)} Nf6 $146 ({Vorgänger:} 6... Nd7 7. Bc3 Ngf6 8. Nbd2 Bxf3 9. gxf3 e5 10. Rg1 g6 11. Bh3 Bh6 {0-1 (64) Reschke,H-Emmrich,O Germany 1995}) 7. Nc3 Nbd7 8. Ng1 {Die Stellung ist ausgeglichen.} e5 9. dxe5 (9. e3 $11 {hält das Gleichgewicht.}) 9... dxe5 $17 {[%cal Bd6e5,Be5e4][%mdl 32]} 10. O-O-O (10. Nf3 $142) 10... Bf5 (10... Be6 $17 11. e4 Ng4) 11. f3 $1 $15 e4 12. e3 (12. g4 $17 Bg6 13. g5) 12... Nc5 $1 $19 13. g4 {[#]} (13. Be1 $17 {war angesagt.}) 13... Bg6 $1 {[%cal Bf5g6,Bg6h5,Bh5f3][%mdl 32]} 14. g5 (14. f4 $142 Nxg4 15. Nh3) 14... Nfd7 $2 (14... exf3 $19 {und Schwarz behält klar die Oberhand. ( -> ...Sb3+!)} 15. b4 Ng4 16. Nxf3 Ne4) 15. f4 $17 Bh5 16. Re1 f5 ({Lieber} 16... Nd3+ $17 17. Bxd3 exd3) 17. gxf6 $15 Nxf6 18. Nh3 Bf3 19. Rg1 Ng4 20. Ng5 Nxh2 {Weiss muss nun ...h6 beachten.} 21. b4 {[#]} (21. Rg3 $17) 21... Nxf1 (21... h6 $1 $19 {ist viel giftiger.} 22. bxc5 hxg5 23. Rxg5 Nxf1 24. Rxf1 Bxc5 25. Rxg7 Rh2 26. Rg8+ Bf8) 22. Rexf1 $17 Nd3+ 23. Kb1 Nxb4 24. Ne6 {Sc7+ ist eine echte Drohung.} Na6 25. Na4 Be2 {zielt auf ...Sc5 ab.} 26. Nxb6 (26. Rf2 $142 Bd3+ 27. Ka1) 26... Bxf1 27. Nxa8 Bxc4 28. Nxg7+ (28. Nxf8 $17 {ist eine bessere Verteidigung.} Kxf8 29. Bc3) 28... Kf7 $19 29. Nf5 $2 (29. Nh5) 29... Rg8 (29... Bc5 $142 30. Nb6 Bd3+ 31. Kc1 Bxb6) 30. Rh1 $2 (30. Rxg8 {nur so!} Kxg8 31. Nb6) 30... Rg2 {Schwarz steht klar auf Gewinn.} 31. Bc3 (31. Kc1 $142 Ba3+ 32. Kd1 Be2+ 33. Kc2) 31... Bd3+ 32. Ka1 Nb4 {[%csl Gb4][%cal Rg2a2]} 33. Rxh7+ Ke8 {Precision: Weiß = 21%, Schwarz = 51%.} 0-1

[Event "Eurasia Open Cup 2018"]
[Site "Jekaterienburg"]
[Date "2018.08.06"]
[Round "5"]
[White "Isanzhulov, Arystan"]
[Black "Tsydypov, Zhamsaran"]
[Result "0-1"]
[WhiteElo "2146"]
[BlackElo "2514"]
[Annotator "TA"]
[PlyCount "64"]
[EventDate "2018.08.01"]
[EventType "swiss"]
[EventCountry "RUS"]
[SourceTitle "playchess.com"]
[Source "ChessBase"]
[SourceQuality "1"]

{[%evp 13,64,-34,-14,-26,-18,-69,-57,-52,-54,-55,-6,-13,-15,-3,-2,-57,23,16,41,27,71,50,138,117,191,200,185,194,195,189,208,203,196,125,145,87,125,29,41,-421,-409,-400,-408,-441,-349,-630,-618,-757,-758,-1211,-719,-1654,-1571]} 1. e4 c5 2. d4 cxd4 3. c3 dxc3 4. Nxc3 Nc6 5. Nf3 e6 6. Bc4 a6 7. O-O Nge7 {LiveBook: 164 Games} 8. Bb3 {B21: Sicilian: 2 f4 and Morra Gambit} (8. Bg5 h6 9. Be3 Ng6 10. Nd4 Be7 11. f4 O-O 12. Qh5 Nxd4 13. Bxd4 Qc7 14. Bd3 Nxf4 15. Qg4 Ng6 16. e5 Nxe5 {0-1 (32) Moiseenko,V (2517)-Alekseev,E (2627) Yaroslavl 2018}) 8... Ng6 9. Nd5 $146 ({Better is} 9. Be3 $11) ({Predecessor:} 9. Qe2 Be7 10. Be3 b5 11. Rfd1 O-O 12. Rac1 Na5 13. Bc2 Nc4 14. b3 Nxe3 15. Qxe3 {0-1 (31) De Leon,G (1804)-Husbands,O (2234) San Salvador 2015}) 9... Bc5 10. Bg5 {Black is slightly better.} f6 $1 {[%cal Rf6g5]} 11. Be3 b6 (11... d6 $5 {[%cal Re6d5]} 12. Nf4 Nxf4 13. Bxf4 Qe7 $11) 12. Bxc5 $1 bxc5 13. Ne3 {[%cal Bd5e3,Be3f5,Bf5h4][%mdl 32]} Na5 14. Qd6 (14. Rc1 $11) 14... Nb7 (14... Nxb3 $15 15. axb3 Bb7) 15. Qg3 $36 {[%mdl 2048] White has good play.} O-O 16. Rfd1 Re8 17. Nf5 {Threatens to win with N3h4.} d5 {[#]} ({Black should try} 17... Na5 $14 18. Nd6 Nxb3 19. axb3 Rf8) 18. N3h4 $1 $16 {[%cal Rh4g6]} Kf7 (18... Na5 $16) 19. Nxg6 $18 hxg6 20. Nh4 Nd6 {Black wants to play ...g5.} 21. Qxg6+ Kg8 22. exd5 e5 23. Rd3 (23. Rac1 $18) 23... e4 $16 24. Rg3 (24. Rc3 $142) 24... Ra7 25. Ba4 (25. h3 $16) 25... Re5 $11 {[#] Strongly threatening ...Rg5.} 26. Bc6 $2 {[%mdl 8192]} (26. f4 $14 {stays ahead.} Rxd5 27. Bc6) 26... Rg5 $19 27. Rxg5 fxg5 28. Rc1 c4 29. g3 $2 (29. h3) 29... gxh4 {Black is clearly winning.} 30. gxh4 Rf7 31. Rc3 Qxh4 32. Rg3 Qf4 {Precision: White = 29%, Black = 55%.} 0-1